Представление документа в формате RUSMARC

ПолеНазваниеЗначение
  Тип записи a
  Библиографический уровень m
001 Контрольный номер RU/CBS_UL/BASE/3fafa4b82c8c471ab99004b5495a84e0
005 Дата корректировки 20250303095430.0
010 Индекс ISBN __
a ISBN
b Уточнения в пер.
d Цена 30 р. 00 к.
9 Тираж экз.
100 Данные общей обработки __
a Данные общей обработки 20250303d 0rusy0189## ca
101 Язык документа 0_
a Язык текста rus
102 Страна публикации __
a Страна публикации RU
200 Заглавие и сведения об ответственности 1_
a Заглавие Меч, магия и челюсти
e Сведения, относящиеся к заглавию роман
f Первые сведения об ответственности Х. Д. Поштаков
g Последующие сведения об ответственности пер. с болг. и ред. А. Белянина
g Последующие сведения об ответственности послесл. Е. Харитонова
210 Выходные данные 1_
a Место издания Москва
c Издательство Армада
c Издательство Альфа-Книга
d Дата издания 2005
215 Физическое описание __
a Объем 348 с.
d Формат см.
300 Общие примечания __
a Общие примечания Под инв. номером 120194: 15-1
300 Общие примечания __
a Общие примечания 16+
606 Тематические рубрики 0_
a Основная рубрика Болгарская литература, 20-21 вв. - Фэнтези
610 Ключевые слова 0_
a Ключевые слова фэнтези; магия; маги-шарлатаны; приключения; юмор; колдовство
686 Индексы других классификаций __
2 Код системы rubbk
a Классификационный индекс 84(4Бол)
700 Автор _1
a Фамилия Поштаков
b Имя (инициалы) Х. Д.
g Полное личное имя Христо Димитров
801 Источник записи _0
a Страна RU
b Организация МБУК ЦБС г. Ульяновска
c Дата составления 20250303
g Правила каталогизации RCR
801 Источник записи _1
a Страна RU
b Организация МБУК ЦБС г. Ульяновска
c Дата составления 20250303
g Правила каталогизации RCR
852 Данные о местонахождении __
i Авторский знак П 66
j Шифр хранения И(Болг)
901 Тип документа __
t Тип документа m
909 Создатель записи __
a Создатель записи obr2
b Дата создания записи 20250303